25 najmniejszych państw świata według powierzchni. - Statystyki

Ogólne statystyki
  • Ten quiz został rozwiązany 224 razy
  • Średni wynik to 14 z 25
Statystyki odpowiedzi
numer Odpowiedź % Poprawnych
1. watykan
98%
5. san marino
93%
17. andora
88%
2. monako
88%
6. liechtenstein
86%
10. malta
75%
3. nauru
59%
9. malediwy
56%
4. tuvalu
56%
18. saint lucia
55%
16. palau
54%
15. seszele
53%
20. singapur
53%
7. Wyspy Marshalla
52%
22. tonga
51%
23. dominika
50%
13. barbados
48%
11. grenada
48%
21. mikronezja
48%
8. saint kitts i nevis
47%
24. kiribati
45%
12. saint vincent i grenadyny
44%
14. antigua i barbuda
40%
19. bahrajn
38%
25. wyspy świętego tomasza i książeca
23%
Nie znaleziono quizów pasujących do podanych kryteriów
Rozkład punktacji
Procent ludzi z każdym wynikiem
Percentyl według liczby udzielonych odpowiedzi
Twoja historia wyników
Nie rozwiązałeś tego quizu